00851cam a22002891i 4500001001300000003000400013005001700017008004100034010001700075035002000092040001700112042001200129050002500141082001100166100002900177245003700206260005400243300002000297490004600317650002200363650003700385650003800422650001300460650003100473650004000504999001700544l 53000146 DLC20260227111543.0860506s1953 dcu f000 0 eng  al 53000146  a(OCoLC)13533759 aDLCcWMdDLC apremarc00aHD6093b.A35 no. 24600a362.711 aPidgeon, Mary Elizabeth.10aEmployed mothers and child care. aWashington D.C. :bU.S. Govt. Print. Off.,c1953. a92 p. ;c24 cm.0 aBulletin of the Women's Bureau ;vno. 246 0aDay care centers. 0aDay care centerszUnited States. 0aWomenxEmploymentzUnited States. 0aMothers. 0aMarried womenxEmployment. 0aMothersxEmploymentzUnited States. c36811d36811